Dynamika systemu zarzadzania gospodarka analiza socjologiczna

Na minha lista:
Detalhes bibliográficos
Autor principal: Iwanowska, Anna
Formato: Livro
Idioma:polonês
Publicado em: Warszawa Ksiazka i Wiedza 1982
Tags: Adicionar Tag
Sem tags, seja o primeiro a adicionar uma tag!

MARC

LEADER 00000nam a2200000 4500
001 c137109
005 20041019155309.0
041 0 |a pol 
044 |a PL 
245 1 0 |a Dynamika systemu zarzadzania gospodarka  |b analiza socjologiczna  |c Anna Iwanowska 
264 1 |a Warszawa  |b Ksiazka i Wiedza  |c 1982 
300 |a 151 s. 
100 1 |a Iwanowska, Anna